000
00331nam a22001337a 4500
008
171206b xxu||||| |||| 00| 0 eng d
020
_a
3540500375
041
_a
eng
080
_a
621
100
_a
27
101
_a
IM
245
_a
ADVANCED COMPUTING CONCEPTS AND TECHNIQUES IN CONTROL ENGINEERING
_c
DENHAM,M,J
942
_2
udc
_c
BK
999
_c
38788
_d
38788